000 00886nam a2200205Ia 4500
001 17560
003 GE_BSU
008 181216s||||||||xx |||||||||||||| ||und||
040 _cGE_BSU
080 _a693(035.5)
100 _aБалатьев,П.К. Брейтман,Е.М. Вайншток,И.С и др.
245 _aСправочник по производству сборных железобетонных изделий. Том 1.
245 _cПод ред.: Б.Г.Скрамтаева и П.К.Балатьева. Научн. ред.: Ю.А.Дыховичный, Ф.А.Лапир, С.А.Миротворский и др.
260 _aМ.
260 _bСройиздат.
260 _c1965.
300 _a478 стр. с илл.
653 _aСправочник по производству сборных железобетонных изделий.
942 _cBK
999 _c50610
_d50610